000 00431nam a2200169 i 4500
001 bg
100 1 _aKALITA, Włodzimierz
245 0 _aLaboratorium podstaw elektroniki /
_cWłodzimierz Kalita, Andrzej Kusy, Walaszek M.
250 _aWyd.2.
260 _aWarszawa,
_c1971.
700 1 _aKUSY, Andrzej
700 1 _aWALASZEK, M.
040 _cBPK
041 _apol
942 _cKS
008 s pl f |000 0 pol
999 _c7297
_d7297
856 _uhttp://koha.tu.koszalin.pl/cgi-bin/koha/opac-detail.pl?biblionumber=7297
_yKatalog online BPK